Entrepeneurial finance / (Record no. 362645)
[ view plain ]
| 000 -LEADER | |
|---|---|
| fixed length control field | 00398nam a2200145Ia 4500 |
| 008 - FIXED-LENGTH DATA ELEMENTS--GENERAL INFORMATION | |
| fixed length control field | 191111s9999 xx 000 0 und d |
| 020 ## - INTERNATIONAL STANDARD BOOK NUMBER | |
| International Standard Book Number | 9781305968356 |
| 100 ## - MAIN ENTRY--PERSONAL NAME | |
| Personal name | Leach, Chris L. |
| 245 ## - TITLE STATEMENT | |
| Statement of responsibility, etc | ChrisL. Leach.-- |
| Title | Entrepeneurial finance / |
| 250 ## - EDITION STATEMENT | |
| Edition statement | 6th ed |
| 260 ## - PUBLICATION, DISTRIBUTION, ETC. (IMPRINT) | |
| Place of publication, distribution, etc | USA : |
| Name of publisher, distributor, etc | Cengage Learning |
| Date of publication, distribution, etc | 2018 |
| 300 ## - PHYSICAL DESCRIPTION | |
| Extent | xxii, 698 pages. |
| 650 ## - SUBJECT ADDED ENTRY--TOPICAL TERM | |
| Topical term or geographic name as entry element | Entrepreneurship |
| 650 ## - SUBJECT ADDED ENTRY--TOPICAL TERM | |
| Topical term or geographic name as entry element | Venture capital |
| Withdrawn status | Lost status | Damaged status | Home library | Current library | Shelving location | Date acquired | Source of acquisition | Total Checkouts | Full call number | Barcode | Date last seen | Price effective from | Koha item type |
|---|---|---|---|---|---|---|---|---|---|---|---|---|---|
| College Library | College Library | Reserve Section | 11/11/2019 | Library Fund | HG 4751 .L434 2018 | C21999 | 11/11/2019 | 11/11/2019 | Books |